Valtiot, joilla on suurin IQ. - Statistics

Yleistilastot
  • Tätä visaa on pelattu 86 kertaa
  • Keskiarvotulos 7 / 11
Vastaustilastot
Sija IQ Valtio % Oikein
8 101.20 Suomi
96%
1 106.49 Japani
92%
4 105.37 Hongkong(Kiina)
90%
5 104.10 Kiina
90%
10 100.74 Saksa
77%
6 102.35 Etelä-Korea
74%
2 106.47 Taiwan
51%
3 105.89 Singapore
46%
10 100.74 Alankomaat
44%
9 101.07 Liechtenstein
10%
7 101.60 Valko-Venäjä
10%
Ehtoja vastaavia visoja ei löytynyt
Tulosjakauma
Jokaisen tuloksen saaneiden osuus
Persentiili vastausten määrän mukaan
Tuloshistoriasi
Et ole pelannut tätä visaa